Southville International School and Colleges
Your cart is empty.
  • Cart
  • Lists
    Public lists Eva Luna New books Lux_list list_1
    Your lists Log in to create your own lists
  • Log in to your account
  • Your cookies
  • Search history
Southville International School and Colleges
  • Advanced search
  • Recent comments
  • Most popular
  • Libraries

Log in to your account

Log in with GOOGLE


If you do not have an external account, but do have a local account, you can still log in:

  1. Home
  2. MARC view: Environmental analysis and instrumentation /
Normal view MARC view ISBD view

Environmental analysis and instrumentation / (Record no. 22756)

[ view plain ]
MARC details
000 -LEADER
fixed length control field 00527nam a2200181 a 4500
005 - DATE AND TIME OF LATEST TRANSACTION
control field 20140310183432.0
008 - FIXED-LENGTH DATA ELEMENTS--GENERAL INFORMATION
fixed length control field 080109s19uu xx 00 eng d
020 ## - INTERNATIONAL STANDARD BOOK NUMBER
International Standard Book Number 8176487902
050 ## - LIBRARY OF CONGRESS CALL NUMBER
Classification number TD 193
Item number .R161 2005
100 ## - MAIN ENTRY--PERSONAL NAME
Personal name Rajvaidya, Neelima
245 ## - TITLE STATEMENT
Title Environmental analysis and instrumentation /
260 ## - PUBLICATION, DISTRIBUTION, ETC. (IMPRINT)
Place of publication, distribution, etc New Delhi :
Name of publisher, distributor, etc A.P.H. Publishing Corp,
Date of publication, distribution, etc 2005.
300 ## - PHYSICAL DESCRIPTION
Extent 367 p. :
Other physical details ill. ;
Dimensions 22 cm.
650 ## - SUBJECT ADDED ENTRY--TOPICAL TERM
Topical term or geographic name as entry element Environmental Chemistry.
700 ## - ADDED ENTRY--PERSONAL NAME
Personal name Markandey, Dilip Kumar
942 ## - ADDED ENTRY ELEMENTS (KOHA)
Koha item type Books
Source of classification or shelving scheme Library of Congress Classification
Call number prefix Foreign
Holdings
Withdrawn status Lost status Source of classification or shelving scheme Damaged status Home library Current library Shelving location Date acquired Source of acquisition Cost, normal purchase price Total Checkouts Full call number Barcode Date last seen Copy number Price effective from Koha item type
    Library of Congress Classification   College Library College Library General Circulation Section 01/09/2008   1610.00   TD 193 .R161 2005 C9000 05/15/2018 1 10/18/2013 Books

Environmental analysis and instrumentation /

APA

Rajvaidya N., Markandey D. K., . (2005). Environmental analysis and instrumentation. New Delhi: A.P.H. Publishing Corp.

Chicago

Rajvaidya Neelima, Markandey Dilip Kumar, . 2005. Environmental analysis and instrumentation. New Delhi: A.P.H. Publishing Corp.

Harvard

Rajvaidya N., Markandey D. K., . (2005). Environmental analysis and instrumentation. New Delhi: A.P.H. Publishing Corp.

MLA

Rajvaidya Neelima, Markandey Dilip Kumar, . Environmental analysis and instrumentation. New Delhi: A.P.H. Publishing Corp. 2005.

  • Place hold
  • Print
  • Cite
  • Add to your cart (remove)
  • Save record
    BIBTEX Dublin Core MARCXML MARC (non-Unicode/MARC-8) MARC (Unicode/UTF-8) MARC (Unicode/UTF-8, Standard) MODS (XML) RIS
  • More searches
    Search for this title in:
    Other Libraries (WorldCat) Other Databases (Google Scholar) Online Stores (Bookfinder.com) Open Library (openlibrary.org)

Exporting to Dublin Core...

SOUTHVILLE LIBRARY

Southville International School and Colleges Library

1281 Tropical Ave. Cor. Luxembourg St., BF Homes International, Las Pinas City

Tel. No. 8256374 / 252358 Loc. 117/146

Powered by Koha